Técnicas de lectura rápida (Registro nro. 8026)

Detalles MARC
000 -LEADER
fixed length control field 01051 a2200241 4500
001 - CONTROL NUMBER
control field 63185
005 - DATE AND TIME OF LATEST TRANSACTION
control field 20260407155927.0
008 - FIXED-LENGTH DATA ELEMENTS--GENERAL INFORMATION
fixed length control field 260407a1992 arg spa d
003 - CONTROL NUMBER IDENTIFIER
control field AR-UNSa-BCEJYS
040 ## - CATALOGING SOURCE
Original cataloging agency AR-UNSa-BCEJYS
Language of cataloging spa
Transcribing agency AR-UNSa-BCEJYS
080 ## - UNIVERSAL DECIMAL CLASSIFICATION NUMBER
Universal Decimal Classification number 028.1
Common auxiliary subdivision Métodos y técnicas de lectura. Conducta con los libros: hojeo, lectura superficial. Curiosear. Tomar notas. Evaluación de temas de lectura
020 ## - INTERNATIONAL STANDARD BOOK NUMBER
International Standard Book Number 978-84-234-1012-5
041 ## - LANGUAGE CODE
Language code of text/sound track or separate title spa
100 1# - MAIN ENTRY--PERSONAL NAME
Personal name Fink, Diana Darley
245 10 - TITLE STATEMENT
Title Técnicas de lectura rápida
264 #1 - PRODUCTION, PUBLICATION, DISTRIBUTION, MANUFACTURE, AND COPYRIGHT NOTICE
Place of production, publication, distribution, manufacture Bilbao :
Name of producer, publisher, distributor, manufacturer Ediciones Deusto
Date of production, publication, distribution, manufacture, or copyright notice 1992
300 ## - PHYSICAL DESCRIPTION
Extent 207 p.
Dimensions 22 cm.
505 ## - FORMATTED CONTENTS NOTE
Formatted contents note 1. ¿Por qué debo leer deprisa? - 2. El proceso de lectura: buenos y malos hábitos – 3. Como adquirir mayor velocidad – 4. Comprensión: Cómo mejorar su entendimiento – 5. Cómo mejorar la concentración – 6. Cómo desarrollar la memoria – 7. Cómo conjuntar todo lo anterior.
590 ## - LOCAL NOTE (RLIN)
Local note niveau_biblio:m niveau_hierar:0
700 1# - ADDED ENTRY--PERSONAL NAME
Personal name Tate, John T. Jr.
700 1# - ADDED ENTRY--PERSONAL NAME
Personal name Rose, Michael D.
942 ## - ADDED ENTRY ELEMENTS (KOHA)
Koha item type
Existencias
Withdrawn status Lost status Damaged status Not for loan Home library Current library Shelving location Date acquired Total checkouts Full call number Barcode Date last seen Price effective from Koha item type
        Biblioteca Prof. Eusebio Cleto del Rey Biblioteca Prof. Eusebio Cleto del Rey   07/04/2026   028.1 F499 L85024 07/04/2026 07/04/2026 Libro